000 00490nam a2200169 i 4500
001 52563
003 ES-MaACL
005 20230906162613.0
007 t|
008 030901s1918 fr ||||1| fre d
100 1 _aCheneviere, Jacques.
_938335
245 1 2 _aL'ile déserte /
_cJacques Cheneviere ; frontispice et ornements par André Hofer.
260 _aParis :
_b[s.n.],
_c1918 (
_fDurand)
300 _a344 p. ;
_c16 cm.
700 1 _aHofer, André.
_963931
852 _aES-MaACL
_jF-268
999 _c52563
_d52563